<?xml version="1.0" encoding="UTF-8"?>
<record
    xmlns:xsi="http://www.w3.org/2001/XMLSchema-instance"
    xsi:schemaLocation="http://www.loc.gov/MARC21/slim http://www.loc.gov/standards/marcxml/schema/MARC21slim.xsd"
    xmlns="http://www.loc.gov/MARC21/slim">

  <leader>00773nab a2200217 uc4500</leader>
  <controlfield tag="001">686397</controlfield>
  <controlfield tag="005">20240201164021.0</controlfield>
  <controlfield tag="008">010831e19991231                    spa  </controlfield>
  <datafield tag="035" ind1=" " ind2=" ">
    <subfield code="a">686397</subfield>
  </datafield>
  <datafield tag="035" ind1=" " ind2=" ">
    <subfield code="a">(OCoLC)819914342</subfield>
  </datafield>
  <datafield tag="040" ind1=" " ind2=" ">
    <subfield code="c">comduadb</subfield>
  </datafield>
  <datafield tag="041" ind1=" " ind2=" ">
    <subfield code="a">spa</subfield>
  </datafield>
  <datafield tag="100" ind1="1" ind2="0">
    <subfield code="a">Cifuentes Honrubia, Jose Luis</subfield>
    <subfield code="4">aut</subfield>
    <subfield code="e">aut</subfield>
    <subfield code="9">341781</subfield>
  </datafield>
  <datafield tag="245" ind1="1" ind2="0">
    <subfield code="a">Bases sintacticas y bases semanticas de la inacusatividad en verbos en movimiento</subfield>
  </datafield>
  <datafield tag="650" ind1=" " ind2="7">
    <subfield code="a">Gram&#xE1;tica comparada y general</subfield>
    <subfield code="2">lemb</subfield>
    <subfield code="9">2351</subfield>
  </datafield>
  <datafield tag="650" ind1=" " ind2=" ">
    <subfield code="a">Espa&#xF1;ol - Verbos</subfield>
    <subfield code="9">105654</subfield>
  </datafield>
  <datafield tag="650" ind1=" " ind2=" ">
    <subfield code="a">Ergatividad</subfield>
    <subfield code="9">78203</subfield>
  </datafield>
  <datafield tag="650" ind1=" " ind2=" ">
    <subfield code="a">Transitividad</subfield>
    <subfield code="9">80544</subfield>
  </datafield>
  <datafield tag="773" ind1="0" ind2=" ">
    <subfield code="t">Revista de Investigaci&#xF3;n Ling&#xFC;&#xED;stica (Murcia)</subfield>
    <subfield code="g">Volumen 02, N&#xFA;mero 02, Julio-Diciembre de 1999, p. 37-72</subfield>
    <subfield code="w">591195</subfield>
    <subfield code="x">1139-1146</subfield>
    <subfield code="0">148999</subfield>
  </datafield>
  <datafield tag="942" ind1=" " ind2=" ">
    <subfield code="c">ARIMP</subfield>
  </datafield>
  <datafield tag="999" ind1=" " ind2=" ">
    <subfield code="c">209920</subfield>
    <subfield code="d">209920</subfield>
  </datafield>
</record>
